|
|
|
|
| LEADER |
00000cam a2200000 i 4500 |
| 001 |
1/45232 |
| 008 |
941103q19801990gr | ||| |||| ||gre|| |
| 035 |
|
|
|a 1990
|c ΔΩΡΕΑ
|l 10042487
|
| 040 |
|
|
|a GR-MyUA
|b gre
|e AACR2
|
| 041 |
0 |
|
|a gre
|
| 082 |
0 |
|
|a 889.4
|2 (22)
|
| 100 |
1 |
|
|a Ελύτης, Οδυσσέας,
|d 1911-1996.
|
| 245 |
1 |
2 |
|a Η μαγεία του Παπαδιαμάντη /
|c Οδυσσέα Ελύτη.
|
| 260 |
|
|
|a [Αθήνα] :
|b Ερμείας,
|c [19--].
|
| 300 |
|
|
|a 128 σ. ;
|c 21 εκ.
|
| 600 |
1 |
0 |
|a Παπαδιαμάντης, Αλέξανδρος,
|d 1851-1911.
|
| 650 |
0 |
0 |
|a Greek essays, Modern.
|
| 852 |
|
|
|a INST
|b RHODES
|c AKA
|e 20081022
|h 889.4 ΕΛΥ
|p 005400031242
|q 005400031242
|t BK
|y 0
|
| 852 |
|
|
|a INST
|b SAMOS
|e 19941103
|h 889.4 ΕΛΥ
|p 005300000181
|q 005300000181
|t BK
|y 0
|
| 901 |
|
|
|a BIBL4-2008-3
|
| 909 |
|
|
|a Σ
|b 000204
|
| 909 |
|
|
|a Ρ
|b 153425
|